Countries with Lowest Average Letter Score - Statistics

General Stats
  • This quiz has been taken 14 times
  • The average score is 10 of 20
Answer Stats
Average Score Country % Correct
4.00 Canada
91%
6.43 Bahamas
82%
5.71 Albania
73%
4.00 Chad
73%
7.40 Chile
73%
6.20 Ghana
64%
7.57 Algeria
55%
7.00 China
55%
6.75 Cuba
55%
7.40 India
55%
7.57 Bahrain
45%
6.00 Cambodia
45%
5.50 Gambia
45%
7.14 Grenada
36%
6.86 Iceland
36%
6.80 Madagascar
36%
7.30 Bangladesh
27%
7.17 Greece
27%
5.43 Jamaica
27%
7.00 Namibia
27%
No matching quizzes found
Score Distribution
Percent of People with Each Score
Percentile by Number Answered
Your Score History
You have not taken this quiz